Central Library OPAC University of Rajshahi

Humanism in the Renaissance / (Record no. 67196)

MARC details
000 -LEADER
fixed length control field 00816nam a2200265 a 4500
001 - CONTROL NUMBER
control field 67196
003 - CONTROL NUMBER IDENTIFIER
rucl marc code BD-RjUL
005 - DATE AND TIME OF LATEST TRANSACTION
control field 20211209081626.0
008 - FIXED-LENGTH DATA ELEMENTS--GENERAL INFORMATION
fixed length control field 170322s1968 enka b 001 0 eng d
035 ## - SYSTEM CONTROL NUMBER
System control number (BD-RjUL)67327
040 ## - CATALOGING SOURCE
Original cataloging agency DLC
Transcribing agency DLC
Modifying agency m.c.
-- BD-RjUL
Language of cataloging eng
041 1# - LANGUAGE CODE
Language code of text/sound track or separate title eng
082 ## - DEWEY DECIMAL CLASSIFICATION NUMBER
Edition number 23
Classification number 144
Author mark and year DEH 1968
100 1# - MAIN ENTRY--PERSONAL NAME
Personal name Dresden, S.
9 (RLIN) 199058
245 10 - TITLE STATEMENT
Title Humanism in the Renaissance /
Statement of responsibility, etc. S. Dresden; translated from the Dutch by Margaret King.
260 ## - PUBLICATION, DISTRIBUTION, ETC. (IMPRINT)
Place of publication, distribution, etc. London :
Name of publisher, distributor, etc. Weidenfeld & Nicolson,
Date of publication, distribution, etc. 1968.
300 ## - PHYSICAL DESCRIPTION
Pagination 255 p. :
Illustrations ill. ;
Size 20 cm.
490 1# - SERIES STATEMENT
Series statement World university library.
504 ## - BIBLIOGRAPHY, ETC. NOTE
Bibliography, etc Include Bibliography and Index.
650 #0 - SUBJECT ADDED ENTRY--TOPICAL TERM
Topical term or geographic name as entry element Humanism.
9 (RLIN) 199059
Topical term or geographic name as entry element Renaissance.
9 (RLIN) 199060
700 ## - ADDED ENTRY--PERSONAL NAME
Personal name King, Margaret
830 #0 - SERIES ADDED ENTRY--UNIFORM TITLE
Uniform title World university library.
942 ## - ADDED ENTRY ELEMENTS (KOHA)
Source of classification or shelving scheme Dewey Decimal Classification
Koha item type Books
Holdings
Lost status Source of classification or shelving scheme Damaged status Not for loan Collection code Permanent Location Current Location Shelving location Date acquired Source of acquisition Cost, normal purchase price Total Checkouts Full call number Date last seen Copy number Koha item type
  Dewey Decimal Classification   Not For Loan Non-fiction Central Library, University of Rajshahi Central Library, University of Rajshahi Reading Room 09/12/2021 Paramount, Dhaka 15.40   144 DEH 1968 22/03/2017 C-1 Books